000 00745nam a2200217 i 4500
001 94131
003 ES-MaACL
005 20230906181416.0
007 t|
008 050622m19851993sp ||||1| spa d
020 _a84-398-5508-7
080 _a914.651(0:860)
080 _a821.134.2-992"19"
100 1 _aArbeloa, Víctor Manuel.
_922388
245 1 0 _aPor Navarra /
_cVíctor Manuel Arbeloa.
260 _a[S.l. :
_bs.n.,
_c1985-1993]
300 _av. <1-3,7-8> ;
_c24 cm.
505 8 _a1. De Leyre a Mañeru -- 2. De Burlada a Sumbilla -- 3. De Estella a Roncesvalles -- 7. De Baztan a Tudela -- 8. De Valcarlos a Sangüesa
651 4 _aNavarra (Comunidad Autónoma)-
_xDescripción.
_99099
852 _aES-MaACL
_jL-29192-96
_bR.135651
999 _c94131
_d94131